000 00993na a2200301 4500
001 23430
003 MIRAKIL
005 20181213155200.0
008 170926b tu 000 0
020 _a9789944963466
040 _aMilas
_btur
_cTR-AnCHP
041 _atur
082 _a347.075
_bD26 2012
090 _a347.075 D26 2012
245 _aDarbe tutanakları
_bİsmail Hakkı Karadayı
_bHilmi Özkök
_bYaşar Büyükanıt
_cyayına hazırlayanlar Veli Özdemir, Mahmut Altınöz
260 _aAnkara
_bAnka-ha Yayınları
_c2012
300 _a240 s.
_c20 sm.
504 _aDizin var.
600 _aBüyükanıt, Yaşar
_xAskeri darbeler
600 _aÖzkök, Hilmi
_xAskeri darbeler
600 _aKaradayı, İsmail Hakkı
_xAskeri darbeler
650 _aMeclis soruşturmaları
_xAskeri darbeler
651 _aTürkiye
_xAskeri darbeler
651 _aTürkiye
_xSiyaset ve yönetim
_y1980-
700 _aÖzdemir, Veli
700 _aAltınöz, Mahmut
942 _2ddc
_cBKS
999 _c8112
_d8112